00365nam a2200145Ia 4500008004100000020001600041041001200057082001600069100002000085245005700105250000800162260002500170300000800195650001600203221030s9999 xx 000 0 und d a81203066678 aEnglish a105.23bTan aA. S. Tanenbaum 0aStructured Computer Organizationcby A. S. Tanenbaum a3rd bPHIaNew Delhic1994 a587 aBE Computer